1777 1347 1498 1079 1820 1349 1166 1258 1226 1571 1929 1095 1244 1756 1534 1998 1735 1781 1370 1767 1712 1244 1744 1079 1704 1595 1412 1510 1553 1732 1654 1397 1073 1620 1037 1633 1503 1628 1379 1217 1357 1716 1502 1424 1493 1140 1885 1535 1715 1401 1542 1503 1911 1292 1838 1372 1322 1963 1315 1880 1543 1954 1558 1386 1643 1025 1821 1230 1659 1020 1033 1690 1482 1180 1040 1604 1079 1011 1046 1910 1186 1875 1463 1739 1629 1617 1152 1018 1961 1430 1258 1584 1592 1976 1995 1328 1819 1187 1309 BCNSPRNW ULIB Ver.6.0+V

เปลี่ยนเป็นภาษาไทย

Change to English
 แสดงรายละเอียดบรรณานุกรม
  กลับหน้าหลัก

Brief Record : Get Marc (ISO 2709) : E-mail record : QR code < ปิดหน้าต่าง
LEADER : 00000nam 2200000uu 4500
001    13399113459
003     ULIB
008    110714s2550||||th 000 0 tha d
020    9789748099491
090    นว.^bง821ส 2550
100 0  เงาตะวัน
245 00 เสน่หาในรอยทราย/^cเงาตะวัน
250    พิมพ์ครั้งที่ 1
260    กรุงเทพฯ :^bลีลา,^c2550
300    279 หน้า
710 1  ลีลา
945    ^p200^l0^i022066
995    ทศพร
999     ^aใช้งานได้ทุกระบบ
รายการนี้ยังไม่มีแท็ก
คุณยังไม่ได้ล็อกอิน คุณสามารถมีกิจกรรมร่วมกับเว็บไซต์ได้ แต่ต้องล็อกอินก่อน ::
  ล็อกอิน

รายการสื่อสารสนเทศ

ลำดับที่ ประเภท เลขเรียก/บาร์โค้ด สถานที่ สถานะ
1. นวนิยาย
นวนิยาย
นว. ง821ส 2550 ฉ.1 
  Barcode: 022066
ห้องสมุดวิทยาเขตสวรรค์ประชารักษ์
►นวนิยาย
บนชั้น
  ขอยืม

รายการใกล้เคียง
    ผู้แต่ง [เงาตะวัน]

BibComment


ยังไม่เคยถูกคอมเมนท์

คอมเมนท์ทรัพยากรรายการนี้
  คอมเมนท์: เสน่หาในรอยทราย เ..


 Copyright 2026. Bcnsprnw @Library